Logic and knowledge : (Record no. 542080)
[ view plain ]
| 000 -LEADER | |
|---|---|
| fixed length control field | 00554cam a22001691a 4500 |
| 020 ## - INTERNATIONAL STANDARD BOOK NUMBER | |
| International Standard Book Number | 0041640012 |
| 082 ## - DEWEY DECIMAL CLASSIFICATION NUMBER | |
| Classification number | 192 |
| Author Mark | RUS |
| -- | D |
| 100 1# - MAIN ENTRY--PERSONAL NAME | |
| Personal name | Russell, Bertrand, |
| 9 (RLIN) | 37020 |
| 245 10 - TITLE STATEMENT | |
| Title | Logic and knowledge : |
| Remainder of title | essays, 1901-1950 / |
| Statement of responsibility, etc. | Bertrand Russell ; edited by Robert Charles Marsh. |
| 260 ## - PUBLICATION, DISTRIBUTION, ETC. | |
| Place of publication, distribution, etc. | London : |
| Name of publisher, distributor, etc. | Routledge ; |
| Place of publication, distribution, etc. | New York : |
| Name of publisher, distributor, etc. | Macmillan, |
| Date of publication, distribution, etc. | 1985. |
| 300 ## - PHYSICAL DESCRIPTION | |
| Extent | xi, 382 p. ; |
| Dimensions | 23 cm. |
| 526 ## - STUDY PROGRAM INFORMATION NOTE | |
| Program name | 0 |
| Interest level | 0 |
| Reading level | 0 |
| Title point value | 192_000000000000000_RUS |
| 650 #0 - SUBJECT ADDED ENTRY--TOPICAL TERM | |
| Topical term or geographic name entry element | Logic, Symbolic and mathematical. |
| 9 (RLIN) | 36546 |
| 650 #0 - SUBJECT ADDED ENTRY--TOPICAL TERM | |
| Topical term or geographic name entry element | MCE |
| 9 (RLIN) | 379 |
| 650 #0 - SUBJECT ADDED ENTRY--TOPICAL TERM | |
| Topical term or geographic name entry element | Philosophy. |
| 942 ## - ADDED ENTRY ELEMENTS (KOHA) | |
| Source of classification or shelving scheme | |
| Koha item type | Book |
| Withdrawn status | Lost status | Source of classification or shelving scheme | Damaged status | Not for loan | Permanent Location | Current Location | Date acquired | Total Checkouts | Full call number | Barcode | Date last seen | Price effective from | Koha item type |
|---|---|---|---|---|---|---|---|---|---|---|---|---|---|
| Military College of Engineering (MCE) | Military College of Engineering (MCE) | 09/19/2013 | 192 RUS | MCE-44535 | 09/19/2013 | 09/19/2013 | Book |
